Gaming Quiz

Random Gaming or Clickable Quiz

21 or Bust Quiz Stats

 Plays Quiz Updated Aug 2, 2014

Support Sporcle.
Go Orange.
Score 0/30 Timer 03:00
4 Plays Today
% Correct
3, 6, 6, 6
87.4%
A, 10
86.7%
7, 4, K
86.6%
5, K, 6
86.5%
4, Q, 7
86.5%
8, 3, Q
86.2%
Q, A
85.4%
8, 5, 8
85%
6, 4, A
84.2%
Q, K, A
84.1%
4, 9, 8
84.1%
2, J, 5, 4
83.9%
4, K, 2, 5
83.9%
2, 6, K, 3
83.9%
5, 2, 8, 6
83.8%
% Correct
6, 8, 7
83.7%
6, 2, 3, J
83.7%
2, 3, 5, 2, 2, 4, 3
83.6%
4, J, 5, 2
83.5%
7, A, 3
83.4%
J, 3, 5, 3
83.3%
7, 2, 5, 3, 4
83.3%
3, 4, 5, 2, 5, 2
82.9%
8, 4, 9
82.8%
9, 5, 7
82.7%
8, J, 2, A
82%
6, 5, A, 9
80.8%
4, A, 3, 3
80.3%
7, A, 5, 8
79.4%
A, A, 9
79%

From the Vault

Clueless Letter Lines: Orchestra Instruments

by esmeyny

Music 5m
If you can play all of those instruments, we'll be impressed.
Remove Ads.
Support Sporcle.
Get the best of Sporcle when you Go Orange. This ad-free experience offers more features, more stats, and more fun while also helping to support Sporcle. Thank you for becoming a member.

Show Comments

Extras

Top Quizzes Today


Score Distribution

Your Account Isn't Verified!

In order to create a playlist on Sporcle, you need to verify the email address you used during registration. Go to your Sporcle Settings to finish the process.

Report this User

Report this user for behavior that violates our Community Guidelines.

Details: